000 00538nam a2200169 i 4500
001 86114
003 ES-MaACL
005 20230906175357.0
007 t|
008 041207s1969 sp ||||1| spa d
100 1 _aKaldor, Nicholas.
_967443
245 1 0 _aEnsayos sobre estabilidad y desarrollo económicos /
_cNicholas Kaldor ; [traducción revisada por Ana Martínez Pujana].
260 _aMadrid :
_bTecnos,
_c[1969]
300 _a284 p. ;
_c23 cm.
700 1 _aMartínez Pujana, Ana.
_978342
852 _aES-MaACL
_jC-37955
_bR.70711
999 _c86114
_d86114